000 00624nam a2200277Ia 4500
005 20250425161842.0
008 250425s9999 xx 000 0 und d
020 _a9802170631
041 _aspa
043 _ave
082 _a658
100 _aGOMEZ SAMPER, HENRY
245 0 _aINICIATIVA EMPRESARIAL
250 _a1A ED.
260 _aCARACAS
260 _aVenezuela
_bEDICIONES IESA
_c1991
300 _a316
650 _aCONTROL
650 _aEMPRESARIOS
650 _aEMPRESAS
650 _aEMPRESAS PEQUEÑAS
650 _aGERENCIA
710 _aEDICIONES IESA
942 _c01
010 _a32372
999 _c217463
_d217463